Euro 2024 Quarter Finals - Portugal - France - Statistics

General Stats
  • This quiz has been taken 186 times
  • The average score is 25 of 33
Answer Stats
Player % Correct
Cristiano Ronaldo
99%
Kylian Mbappé
98%
Antoine Griezmann
93%
Bernardo Silva
91%
Théo Hernandez
91%
Pepe
90%
Mike Maignan
89%
Bruno Fernandes
88%
Nuno Mendes
86%
Rafael Leão
84%
Rúben Dias
84%
Aurélien Tchouaméni
83%
Eduardo Camavinga
83%
Randal Kolo Muani
82%
Dayot Upamecano
81%
Diogo Costa
81%
Jules Koundé
81%
Didier Deschamps
80%
N'Golo Kanté
79%
William Saliba
79%
João Cancelo
77%
Ousmane Dembélé
73%
Vitinha
71%
João Félix
69%
Rúben Neves
67%
Marcus Thuram
65%
Roberto Martínez
65%
João Palhinha
62%
Bradley Barcola
50%
Francisco Conceição
43%
Nélson Semedo
43%
Youssouf Fofana
43%
Matheus Nunes
33%
No matching quizzes found
Score Distribution
Percent of People with Each Score
Percentile by Number Answered
Your Score History
You have not taken this quiz